[Event "SRB-chT3 East"]
[Site "Serbia"]
[Date "2017.10.13"]
[Round "7.5"]
[White "Rajic, Stefan"]
[Black "Miljkovic, Slobodan"]
[Result "0-1"]
[WhiteElo "1800"]
[BlackElo "1842"]
[PlyCount "122"]
[EventDate "2017.09.03"]
[EventType "team-tourn"]
[EventRounds "11"]
[EventCountry "SRB"]
[SourceTitle "EXT 2022"]
[Source "ChessBase"]
[SourceDate "2021.10.06"]
[SourceVersion "1"]
[SourceVersionDate "2021.10.06"]
[SourceQuality "1"]

1. e4 d5 2. exd5 Qxd5 3. Nc3 Qa5 4. d4 c6 5. Nf3 Nf6 6. Bd2 Bf5 7. Bc4 e6 8. Qe2 Be7 9. Nd5 Qd8 10. Nxe7 Qxe7 11. a3 a5 12. Bd3 Bg6 13. 0-0 0-0 14. b4 b6 15. bxa5 bxa5 16. Rfb1 c5 17. Bxg6 hxg6 18. Rb5 cxd4 19. Nxd4 Rd8 20. Nb3 a4 21. Na5 Qd7 22. Bg5 Nc6 23. Nxc6 Qxc6 24. Rbb1 Rac8 25. Rc1 Rd5 26. Bxf6 gxf6 27. Qf3 Qc3 28. Qxc3 Rxc3 29. Kf1 e5 30. Ke2 Rdc5 31. Ra2 f5 32. Kd2 e4 33. Re1 Kg7 34. Re3 R3c4 35. f3 g5 36. c3 Rb5 37. Kc2 Rb3 38. g4 Kf6 39. gxf5 Kxf5 40. fxe4+ Kf4 41. Kd2 Rxe4 42. Rxe4+ Kxe4 43. Kc2 f5 44. Ra1 f4 45. Re1+ Kf5 46. Ra1 g4 47. Ra2 Ke4 48. Ra1 f3 49. c4 f2 50. c5 Rxa3 51. Rf1 Kd5 52. Kb2 Rf3 53. Kc1 a3 54. Kd2 Kxc5 55. Ke2 a2 56. h3 Ra3 57. Ra1 g3 58. Kf1 Kd4 59. Kg2 Kc4 60. h4 Kb3 61. h5 Kb2 0-1

[Event "SRB-chT3 East"]
[Site "Serbia"]
[Date "2017.10.12"]
[Round "6.1"]
[White "Dimitrijevic, Zoran S"]
[Black "Rajic, Stefan"]
[Result "1-0"]
[WhiteElo "1654"]
[BlackElo "1800"]
[PlyCount "148"]
[EventDate "2017.09.03"]
[EventType "team-tourn"]
[EventRounds "11"]
[EventCountry "SRB"]
[SourceTitle "EXT 2022"]
[Source "ChessBase"]
[SourceDate "2021.10.06"]
[SourceVersion "1"]
[SourceVersionDate "2021.10.06"]
[SourceQuality "1"]

1. d4 d5 2. c4 e6 3. Nc3 Nf6 4. Bg5 Bb4 5. e3 0-0 6. cxd5 exd5 7. Bd3 h6 8. Bh4 c5 9. Nge2 cxd4 10. exd4 g5 11. Bg3 Ne4 12. 0-0 f5 13. Bxb8 Rxb8 14. Qc2 a6 15. Nxd5 Bd6 16. Bxe4 fxe4 17. Nec3 Bf5 18. Qd2 b5 19. a3 b4 20. axb4 Bxb4 21. Ne3 Bd7 22. Rxa6 Bb5 23. Rxh6 Bxf1 24. Nxf1 Kg7 25. Rc6 Rf5 26. Qe3 Qd7 27. Ra6 Bxc3 28. bxc3 Rb1 29. Qe2 Qb5 30. Qxb5 Rfxb5 31. g3 Rc1 32. Kg2 Rb2 33. Ne3 Rxc3 34. Nd1 Rcc2 35. Nxb2 Rxb2 36. Re6 Rd2 37. Rxe4 Kf6 38. g4 Rd3 39. Kf1 Rh3 40. Kg2 Rd3 41. f4 gxf4 42. Rxf4+ Kg5 43. Re4 Rd2+ 44. Kf3 Rb2 45. Re5+ Kf6 46. Ke4 Rg2 47. g5+ Kf7 48. Kd5 Ra2 49. Kc6 Ra6+ 50. Kb5 Ra2 51. d5 Rb2+ 52. Kc6 Rc2+ 53. Kd6 Ra2 54. Kc7 Rc2+ 55. Kd7 Ra2 56. Kc6 Rc2+ 57. Kd7 Ra2 58. Kd8 Rd2 59. Kd7 Ra2 60. Re6 Ra7+ 61. Kd6 Ra6+ 62. Ke5 Ra1 63. g6+ Kf8 64. d6 Re1+ 65. Kd5 Rd1+ 66. Kc6 Rc1+ 67. Kd7 Rg1 68. Kd8 Ra1 69. d7 Ra8+ 70. Kc7 Ra7+ 71. Kd6 Ra6+ 72. Ke5 Ra8 73. Kf6 Rd8 74. g7+ Kg8 1-0